000 00530ntaaa2200193 4500
003 01
005 20251027202656.0
008 0714s1973 ag 01
040 _aAR-BaBN
_bspa
_cAR-BaBN
_eaacr
_dRIC
082 _a428.0000 Og2
100 _aOgden, C.K.
_97527
245 _aThe basic way to English
250 _a1 ed.
260 _aLondon :
_bEvans Brothers,
_cn.f.
300 _atomos
500 _aLearners' books -Nos. 3863, 3864 3866Teachers' books - Nos. 3861, 3862, 3865 y 3867
650 _ainglés-texto
942 _cBK
999 _c21927
_d21927